| 000 | 01180nam a2200313 a 4500 | ||
|---|---|---|---|
| 999 |
_c480781 _d480781 |
||
| 003 | BLK | ||
| 005 | 20250728173845.0 | ||
| 008 | 180411b bul|||||r ||||||| ||bul|| | ||
| 010 | _aKNG00185655000 | ||
| 020 | _a9786197386806 | ||
| 040 | _aBLK | ||
| 041 |
_aBUL _cBUL |
||
| 080 |
_aАмериканска литература (на САЩ) _b821.111(73) _x-93-34 _z821.111(73)-93-34 |
||
| 100 |
_9401472 _aБракен, Бет _eпърви автор |
||
| 139 | _aБракен, Бет | ||
| 245 | 1 | 0 |
_aТой ме тормози! _cБет Бракен ; ил. Дженифър А. Бел ; прев. от англ. Виктория Илиева |
| 257 | _aGBR | ||
| 260 |
_aСофия _bКлевър Бук _c2022 _9216689 _n978-954-9749- |
||
| 300 |
_a32 с. _bс цв. ил. _c29 см |
||
| 380 | _aDX | ||
| 490 |
_aАз се уча да чета _9208316 |
||
| 490 | 1 | _aСтавам се по-добър | |
| 700 |
_aБел, Дженифър А. _eил. _9483291 |
||
| 700 |
_aИлиева, Виктория _eпрев. от англ. _91021 |
||
| 856 |
_i0.00 _ldisable |
||
| 942 |
_cKNG _n0 _0112 _s1 |
||
| 944 |
_lАнна Гръцманова _k30564 |
||
| 999 | _d480781 | ||